000 00649nam a2200241Ia 4500
008 160418s9999 xx 000 0 und d
020 _a978-971-93418-7-1
050 _aFIL DS 675.8
050 _b.R5G84 2010
100 _aGuerrero, Leon Ma.
245 4 _aThe First Filipino /
245 _cLeon Ma. Guerrero.
250 _aNew Edition
260 _aManila :
260 _bGuerrero Publishing,
260 _c2010
300 _a539 pages :
300 _billustrations ;
300 _c23 cm.
500 _aIncludes bibliographical references.
650 _aRizal, Jose, 1861-1896.
650 _xHeroes -- Philippines -- Biography.
999 _c293640
_d293640